| 000 -LEADER |
| fixed length control field |
00754nam a2200265Ia 4500 |
| 001 - CONTROL NUMBER |
| control field |
1026 |
| 003 - CONTROL NUMBER IDENTIFIER |
| control field |
GE_BSU |
| 008 - FIXED-LENGTH DATA ELEMENTS--GENERAL INFORMATION |
| fixed length control field |
181216s||||||||xx |||||||||||||| ||und|| |
| 020 ## - INTERNATIONAL STANDARD BOOK NUMBER |
| International Standard Book Number |
5272003918 |
| 040 ## - CATALOGING SOURCE |
| Transcribing agency |
GE_BSU |
| 080 ## - UNIVERSAL DECIMAL CLASSIFICATION NUMBER |
| Universal Decimal Classification number |
612.821(075.8) |
| 245 ## - TITLE STATEMENT |
| Title |
Психофизиология. |
| 245 ## - TITLE STATEMENT |
| Remainder of title |
Уч-к для студ. высш. учебн. завед. по спец."Психология |
| 245 ## - TITLE STATEMENT |
| Statement of responsibility, etc. |
Под ред. Ю.И.Александрова |
| 250 ## - EDITION STATEMENT |
| Edition statement |
2-е перераб. |
| 260 ## - PUBLICATION, DISTRIBUTION, ETC. |
| Place of publication, distribution, etc. |
СПБ |
| 260 ## - PUBLICATION, DISTRIBUTION, ETC. |
| Name of publisher, distributor, etc. |
Питер |
| 260 ## - PUBLICATION, DISTRIBUTION, ETC. |
| Date of publication, distribution, etc. |
2001 |
| 300 ## - PHYSICAL DESCRIPTION |
| Extent |
495стр. |
| 653 ## - INDEX TERM--UNCONTROLLED |
| Uncontrolled term |
Психология |
| 653 ## - INDEX TERM--UNCONTROLLED |
| Uncontrolled term |
Психофизиология. |
| 653 ## - INDEX TERM--UNCONTROLLED |
| Uncontrolled term |
ფსიქოლოგია |
| 942 ## - ADDED ENTRY ELEMENTS (KOHA) |
| Koha item type |
წიგნი |